| 000 | 00669nam a22001937a 4500 | ||
|---|---|---|---|
| 005 | 20180310153041.0 | ||
| 010 | _aB-667728 | ||
| 020 |
_c300.00 _a9789380674810 |
||
| 035 | _aB-667728 | ||
| 037 |
_bKKP _adpl |
||
| 082 | _a658.45 | ||
| 100 | _aGupta, C.B. | ||
| 245 |
_aBasic business communication / _cby C.B. Gupta |
||
| 260 |
_aNew Delhi _bSultan Chand _c2016 |
||
| 270 |
_a23, Daryaganj _bNew Delhi _e110002 |
||
| 300 |
_avarious pagings _c25cm(pbk) |
||
| 942 |
_2ddc _cEN _mGUP _h658.45 |
||
| 999 |
_c150325 _d150325 |
||